Most Successful Top Division Teams in Each UEFA Country - Statistics

General Stats
  • This quiz has been taken 20 times
  • The average score is 67 of 161
Answer Stats
UEFA Country No. Titles Most Recent Team % Correct
Germany 35 2026 Bayern Munich
100%
Germany 8 2012 Borussia Dortmund
100%
Italy 19 2022 AC Milan
88%
England 14 2026 Arsenal
88%
Spain 11 2021 Atlético Madrid
88%
Spain 29 2026 Barcelona
88%
Scotland 56 2026 Celtic
88%
Italy 21 2026 Inter Milan
88%
Italy 36 2020 Juventus
88%
England 20 2013 Manchester United
88%
France 14 2026 Paris Saint-Germain
88%
Spain 36 2024 Real Madrid
88%
Portugal 38 2023 Benfica
82%
Andorra 2 2007 FC Rànger's
82%
Turkey 26 2026 Galatasaray
82%
England 20 2025 Liverpool
82%
Scotland 55 2021 Rangers
82%
Portugal 21 2025 Sporting CP
82%
Croatia 26 2026 Dinamo Zagreb
76%
Poland 15 2021 Legia Warsaw
76%
France 9 2010 Marseille
76%
Portugal 31 2026 Porto
76%
Netherlands 36 2022 Ajax
71%
Turkey 16 2021 Beşiktaş
71%
Turkey 19 2014 Fenerbahçe
71%
Sweden 24 2024 Malmö
71%
Greece 48 2025 Olympiacos
71%
Norway 26 2018 Rosenborg
71%
Czech Republic 14 2024 Sparta Prague
71%
Russia 11 2026 Zenit Saint Petersburg
71%
Greece 14 2026 AEK Athens
65%
Belgium 34 2017 Anderlecht
65%
Switzerland 21 2025 Basel
65%
Denmark 16 2025 Copenhagen
65%
Russia 6 2016 CSKA Moscow
65%
Ukraine 17 2025 Dynamo Kyiv
65%
Croatia 6 2005 Hajduk Split
65%
Greece 20 2010 Panathinaikos
65%
Netherlands 27 2026 PSV Eindhoven
65%
Serbia 37 2026 Red Star Belgrade
65%
Ukraine 16 2026 Shakhtar Donetsk
65%
Republic of Ireland 22 2025 Shamrock Rovers
65%
Czech Republic 9 2026 Slavia Prague
65%
Kazakhstan 7 2022 Astana
59%
Belgium 20 2026 Club Brugge
59%
Republic of Ireland 14 2019 Dundalk
59%
Hungary 36 2025 Ferencváros
59%
Netherlands 16 2023 Feyenoord
59%
Sweden 18 2007 IFK Göteborg
59%
Israel 26 2025 Maccabi Tel Aviv
59%
Serbia 27 2017 Partizan
59%
Azerbaijan 12 2025 Qarabağ
59%
Austria 32 2008 Rapid Wien
59%
Austria 17 2023 Red Bull Salzburg
59%
Russia 10 2017 Spartak Moscow
59%
Cyprus 29 2024 APOEL
53%
Austria 24 2013 Austria Wien
53%
Belarus 15 2018 BATE Borisov
53%
Denmark 11 2021 Brøndby
53%
Switzerland 27 2003 Grasshopper
53%
Israel 15 2023 Maccabi Haifa
53%
Slovenia 16 2022 Maribor
53%
France 10 1981 Saint-Étienne
53%
Bosnia and Herzegovina 4 2020 Sarajevo
53%
Norway 9 2025 Viking
53%
Czech Republic 6 2022 Viktoria Plzeň
53%
Belarus 9 2024 Dinamo Minsk
47%
Israel 13 2010 Hapoel Tel Aviv
47%
Finland 33 2023 HJK
47%
Gibraltar 30 2026 Lincoln Red Imps
47%
Bulgaria 14 2025 Ludogorets Razgrad
47%
Cyprus 22 2026 Omonia Nicosia
47%
Kosovo 11 2021 Prishtina
47%
Moldova 21 2023 Sheriff Tiraspol
47%
Slovakia 16 2026 Slovan Bratislava
47%
Romania 28 2025 Steaua București/FCSB
47%
Bulgaria 31 2008 CSKA Sofia
41%
Scotland 4 1952 Hibernian
41%
Bulgaria 27 2026 Levski Sofia
41%
Northern Ireland 57 2025 Linfield
41%
Albania 26 2022 Tirana
41%
Romania 8 2022 CFR Cluj
35%
Georgia 19 2022 Dinamo Tbilisi
35%
Luxembourg 16 2022 F91 Dudelange
35%
Estonia 16 2025 Flora
35%
Iceland 27 2019 KR
35%
Slovenia 4 2025 Olimpija Ljubljana
35%
Croatia 2 2025 Rijeka
35%
Belgium 12 2025 Union Saint-Gilloise
35%
Malta 25 2019 Valletta
35%
Germany 9 1968 1. FC Nürnberg
29%
Cyprus 13 2008 Anorthosis Famagusta
29%
Romania 18 2007 Dinamo București
29%
Faroe Islands 22 2025
29%
Switzerland 17 1999 Servette
29%
Wales 18 2026 The New Saints
29%
North Macedonia 12 2026 Vardar
29%
Lithuania 11 2024 Žalgiris
29%
Slovakia 7 2017 Žilina
29%
Bosnia and Herzegovina 9 2025 Zrinjski Mostar
29%
Kosovo 5 2026 Drita
24%
Estonia 11 2024 FCI Levadia
24%
Luxembourg 8 2021 Fola Esch
24%
Northern Ireland 23 2009 Glentoran
24%
Poland 14 1988 Górnik Zabrze
24%
Hungary 23 2008 MTK Budapest
24%
Azerbaijan 9 2021 Neftçi
24%
Armenia 16 2024 Pyunik
24%
Latvia 3 2024 RFS
24%
Latvia 4 2025 Riga FC
24%
Republic of Ireland 14 2024 Shelbourne
24%
Poland 14 2011 Wisła Kraków
24%
Faroe Islands 11 2015 B36
18%
Montenegro 7 2025 Budućnost
18%
Northern Ireland 7 2018 Crusaders
18%
Andorra 13 2019 FC Santa Coloma
18%
Norway 9 1961 Fredrikstad
18%
Slovakia 2 2001 Inter Bratislava
18%
Andorra 5 2026 Inter Club d'Escaldes
18%
Luxembourg 28 2010 Jeunesse Esch
18%
San Marino 6 2022 La Fiorita
18%
Moldova 2 2025 Milsami Orhei
18%
Estonia 2 2018 Nõmme Kalju
18%
Albania 17 2023 Partizani
18%
Georgia 3 2025 Saburtalo/Iberia 1999
18%
San Marino 9 2026 Tre Fiori
18%
Iceland 23 2020 Valur
18%
Kazakhstan 5 2013 Aktobe
12%
Armenia 4 2021 Alashkert
12%
Finland 9 2004 FC Haka
12%
Malta 27 2026 Floriana
12%
San Marino 5 2021 Folgore/Falciano
12%
Faroe Islands 24 2020 HB
12%
Azerbaijan 3 1999 Kapaz
12%
Sweden 13 2015 Norrköping
12%
North Macedonia 4 2014 Rabotnički
12%
Armenia 4 2013 Shirak
12%
North Macedonia 5 2025 Shkëndija
12%
Lithuania 3 2019 Sūduva
12%
Montenegro 6 2026 Sutjeska
12%
Georgia 4 2017 Torpedo Kutaisi
12%
Hungary 20 1998 Újpest
12%
Bosnia and Herzegovina 5 2013 Željezničar
12%
Moldova 8 2000 Zimbru Chișinău
12%
Denmark 9 1946 B 93
6%
Wales 7 2003 Barry Town United
6%
Kosovo 3 2007 Besa
6%
Wales 2 2021 Connah's Quay Nomads
6%
Albania 18 2010 Dinamo City
6%
Gibraltar 17 2000 Glacis United
6%
Finland 9 1957 HPS
6%
Kazakhstan 5 2003 Irtysh
6%
Latvia 1 2015 Liepāja
6%
Gibraltar 7 1999 Manchester 62
6%
Serbia 5 1939 OFK Beograd
6%
Lithuania 1 2023 Panevėžys
6%
Montenegro 2 2015 Rudar
6%
Malta 26 2005 Sliema Wanderers
6%
Iceland 18 1990 Fram
0%
Slovenia 4 2006 Gorica
0%
Belarus 2 2000 Slavia Mozyr
0%
No matching quizzes found
Score Distribution
Percent of People with Each Score
Percentile by Number Answered
Your Score History
You have not taken this quiz